000 00286nam a22001337a 4500
008 170824b xxu||||| |||| 00| 0 eng d
020 _a9780072922332
041 _aeng
080 _22ND
_a51
100 _a38
101 _aMAT
245 _aPRECALCULUS
_cBARNETT,R.A
942 _2udc
_cBK
999 _c24874
_d24874